[Event "ESP-chT Regional U14"]
[Site "Gijon"]
[Date "2021.06.20"]
[Round "6.3"]
[White "Carrilero Otalora, Vanesa"]
[Black "Dominguez Vallejo, Marta"]
[Result "1/2-1/2"]
[WhiteElo "1231"]
[BlackElo "1124"]
[PlyCount "139"]
[EventDate "2021.06.17"]
[EventType "team-swiss"]
[EventRounds "6"]
[EventCountry "ESP"]
[SourceTitle "EXT 2022"]
[Source "ChessBase"]
[SourceDate "2021.10.06"]
[SourceVersion "1"]
[SourceVersionDate "2021.10.06"]
[SourceQuality "1"]
[WhiteTeam "Castilla La Mancha U14"]
[BlackTeam "Extremadura U14"]
[WhiteTeamCountry "ESP"]
[BlackTeamCountry "ESP"]

1. d4 Nf6 2. e3 g6 3. Nf3 Bg7 4. b3 d6 5. Bb2 0-0 6. Nbd2 Re8 7. Be2 Nc6 8. 0-0 e5 9. dxe5 Nxe5 10. Nxe5 dxe5 11. c4 h5 12. e4 b6 13. Qc2 Bb7 14. Rad1 Qe7 15. Bd3 Bh6 16. Nf3 Nd7 17. Rfe1 Qe6 18. Bc1 Bxc1 19. Qxc1 Kg7 20. Bc2 Nf6 21. h3 Nh7 22. Ng5 Nxg5 23. Qxg5 Qf6 24. Qg3 Rad8 25. Re3 Qf4 26. Rxd8 Rxd8 27. Qxf4 exf4 28. Rd3 Re8 29. Rd4 c5 30. Rd7 Bxe4 31. Bxe4 Rxe4 32. Rxa7 Re1+ 33. Kh2 Re2 34. Kg1 Re6 35. Ra6 Rf6 36. a3 f3 37. b4 cxb4 38. axb4 fxg2 39. Kxg2 Rf4 40. Rxb6 Rxc4 41. Rb7 Kf6 42. f3 g5 43. b5 Rb4 44. Rc7 Rxb5 45. Rc2 Rb4 46. Re2 g4 47. hxg4 hxg4 48. Rf2 gxf3+ 49. Rxf3+ Kg6 50. Rg3+ Kf5 51. Rf3+ Rf4 52. Re3 Rg4+ 53. Kf3 Rh4 54. Kg3 Re4 55. Rf3+ Ke6 56. Ra3 Rd4 57. Re3+ Kf5 58. Rf3+ Kg6 59. Ra3 f5 60. Rf3 Kg5 61. Kg2 Rg4+ 62. Kf2 Rf4 63. Kg2 Rxf3 64. Kxf3 f4 65. Kf2 Kg4 66. Kg2 f3+ 67. Kf2 Kf4 68. Kf1 Kg3 69. Kg1 f2+ 70. Kf1 1/2-1/2

[Event "ESP-chT Regional U14"]
[Site "Gijon"]
[Date "2021.06.17"]
[Round "2.4"]
[White "Barranco Lopez, Alba"]
[Black "Carrilero Otalora, Vanesa"]
[Result "0-1"]
[WhiteElo "1203"]
[BlackElo "1231"]
[PlyCount "98"]
[EventDate "2021.06.17"]
[EventType "team-swiss"]
[EventRounds "6"]
[EventCountry "ESP"]
[SourceTitle "EXT 2022"]
[Source "ChessBase"]
[SourceDate "2021.10.06"]
[SourceVersion "1"]
[SourceVersionDate "2021.10.06"]
[SourceQuality "1"]
[WhiteTeam "Andalucia U14"]
[BlackTeam "Castilla La Mancha U14"]
[WhiteTeamCountry "ESP"]
[BlackTeamCountry "ESP"]

1. d4 d5 2. Nf3 e6 3. c4 Nf6 4. Nc3 b6 5. Bg5 Be7 6. e3 Bb7 7. Bd3 dxc4 8. Bxc4 0-0 9. 0-0 Nbd7 10. Qc2 h6 11. Bxf6 Nxf6 12. Be2 c5 13. Rfd1 Qc8 14. Rac1 Rd8 15. h3 Qc6 16. Bb5 Qc7 17. Qe2 a6 18. Bc4 b5 19. Bb3 c4 20. Bc2 Rac8 21. a3 Qb8 22. Bb1 Nd7 23. Nd2 e5 24. Nde4 Nf6 25. Nxf6+ Bxf6 26. Ne4 Be7 27. Qc2 g6 28. Ng3 Qa8 29. f3 exd4 30. exd4 Bf6 31. Ne2 Bxf3 32. gxf3 Qxf3 33. Qe4 Qxh3 34. Rc3 Qh5 35. Re1 Rd5 36. Nf4 Qg4+ 37. Ng2 Bxd4+ 38. Kf1 Rf5+ 39. Nf4 Rxf4+ 40. Qxf4 Qxf4+ 41. Ke2 Re8+ 42. Kd1 Rxe1+ 43. Kxe1 Qf2+ 44. Kd1 Be3 45. Rxe3 Qxe3 46. Kc2 h5 47. Kd1 h4 48. Bc2 h3 49. b3 h2 0-1